Statistiques concernant Représentations de l'Esprit Saint dans la Bible

Cliquez ici pour prendre le quiz!

Statistiques générales

  • Ce quiz a été pris 116 fois
  • Le résultat moyen est 3 sur 6

Statistiques - réponses

représentations% Correct
la colombe
85%
le feu
72%
l'eau
54%
le vent, le souffle
51%
la main
6%
l'onction
5%

Distribution des résultats

Percentile par nombre de réponses

% des personnes avec chaque résultat

Votre développement - résultats

Vous n’avez pas pris ce quiz